Pelaksanaan HIBAH dalam Kes-kes MARDH AL-MAWT COVID-19 dalam Kalangan orang Islam di Malaysia

Bibliographic Details
Other Authors: Ahmad Syukran Baharuddin (Editor), Baidar Mohammed Mohammed Hasan (Editor), Lukman Abdul Mutalib (Editor), Mohamad Aniq Aiman Alias (Editor), Mohd. Ridzniwan A. Rashid (Editor), Muhammad Aunurrochim Mas'ad Saleh (Editor), Syahirah Abdul Shukor (Editor), Wan Abdul Fattah Wan Ismail (Editor), Zulfaqar Mamat (Editor)
Format: Book
Language:Malay
Published: Nilai, Negeri Sembilan : Penerbit Universiti Sains Islam Malaysia 2022
Subjects:

MARC

LEADER 00000cam a2200000 7i4500
001 0000150390
005 20231208.0
008 231208s2023 my a x m
020 |a 9789670001364 
040 |a PERPUSTAM   |b eng   |c PERPUSTAM   |e rda 
041 |a may 
090 0 0 |a 346.052   |b PEL 
245 0 0 |a Pelaksanaan HIBAH dalam Kes-kes MARDH AL-MAWT COVID-19 dalam Kalangan orang Islam di Malaysia   |c PENYUNTING: Wan Abdul Fattah Wan Ismail, Mohd Ridzniwan A Rashid, Muhammad Aunurrochim Mas'ad Saleh, Syahirah Abdul Shukor, Lukman Abdul Mutalib, Ahmad Syukran Baharuddin, Zulfaqar Mamat, Baidar Mohammed Mohammed Hasan, Mohamad Aniq Aiman Alias 
264 1 |a Nilai, Negeri Sembilan :   |b Penerbit Universiti Sains Islam Malaysia   |c 2022 
300 |a vi, 120 pages :   |b illustrations, charts ;   |c 23 cm. 
336 |a text  |2 rdacontent 
337 |a unmediated  |2 rdamedia 
338 |a volume  |2 rdacarrier 
500 |a Contains verses from the Qur'an and quotes from the Hadith 
500 |a Includes index 
504 |a Bibliography: pages [101]-109 
650 1 0 |a Inheritance and succession (Islamic law) 
650 2 0 |a COVID-19 Pandemic, 2020-   |x Social aspects 
650 2 0 |a Governmant publications   |z Malaysia 
650 2 0 |a Wills (Islamic law) 
700 0 |a Ahmad Syukran Baharuddin ,   |e editor 
700 0 |a Baidar Mohammed Mohammed Hasan ,   |e editor 
700 0 |a Lukman Abdul Mutalib ,   |e editor 
700 0 |a Mohamad Aniq Aiman Alias ,   |e editor 
700 0 |a Mohd. Ridzniwan A. Rashid ,   |e editor 
700 0 |a Muhammad Aunurrochim Mas'ad Saleh ,   |e editor 
700 0 |a Syahirah Abdul Shukor ,   |e editor 
700 0 |a Wan Abdul Fattah Wan Ismail ,   |e editor 
700 0 |a Zulfaqar Mamat ,   |e editor 
999 |a 0000787155   |b Buku   |c Rak Terbuka   |e Perbadanan Perpustakaan Awam Melaka 
999 |a 0000787156   |b Buku   |c Rak Terbuka   |e Perbadanan Perpustakaan Awam Melaka 
999 |a 0000787157   |b Buku   |c Rak Terbuka   |e Perbadanan Perpustakaan Awam Melaka 
999 |a 0000787158   |b Buku   |c Rak Terbuka   |e Perpustakaan Cawangan Masjid Tanah 
999 |a 0000787159   |b Buku   |c Rak Terbuka   |e Perpustakaan Cawangan Merlimau 
999 |a 0000787160   |b Buku   |c Rak Terbuka   |e Perpustakaan Komuniti UTC Melaka 
999 |a 0000787161   |b Buku   |c Rak Terbuka   |e Perbadanan Perpustakaan Awam Melaka